000
00230nam a2200097Ia 4500
008
190216s9999||||xx |||||||||||||| ||und||
100
_a
Pattan Shetty&Amp; Palekar Br
245
0
_a
Cost Accounting
260
_b
Null
_c
1987
942
_c
BK
999
_c
5291
_d
5291